Sztuka gotycka i protorenesansowa - Świat (do koń. XIII wieku) - Statystyki

Ogólne statystyki
  • Ten quiz został rozwiązany 7 razy
    6 od ostatniego zresetowania
  • Średni wynik to 8 z 16
Statystyki odpowiedzi
Obrazkowy Hint Odpowiedź % Poprawnych
12W Chartres (Francja) Katedra w Chartres (fasada) | Katedra w Chartres
75%
12W Paryż (Francja) Katedra Nôtre Dame w Paryżu (bryła) | Katedra Nôtre Dame w Paryżu
50%
12W Paryż (Francja) Katedra Nôtre Dame w Paryżu (fasada) | Katedra Nôtre Dame w Paryżu
50%
12W Paryż (Francja) Katedra Nôtre Dame w Paryżu (plan) | Katedra Nôtre Dame w Paryżu
50%
12W Paryż (Francja) Katedra Nôtre Dame w Paryżu (wnętrze) | Katedra Nôtre Dame w Paryżu
50%
12W Chartres (Francja) Katedra w Chartres (bryła) | Katedra w Chartres
50%
12W Chartres (Francja) Katedra w Chartres (plan) | Katedra w Chartres
50%
12W Chartres (Francja) Katedra w Chartres (portal) | Katedra w Chartres | Portal królewski w Chartres
50%
12W Chartres (Francja) Katedra w Chartres (wnętrze) | Katedra w Chartres
50%
12-13W Wells (Anglia) Katedra w Wells (bryła) | Katedra w Wells
50%
12-13W Wells (Anglia) Katedra w Wells (plan) | Katedra w Wells
50%
12-13W Wells (Anglia) Katedra w Wells (wnętrze) | Katedra w Wells
50%
11W Sklepienie krzyżowożebrowe | krzyżowożebrowe
50%
12-13W Paryż (Francja) Chór kościoła w Saint Denis w Paryżu
25%
12-13W Paryż (Francja) Chór kościoła w Saint Denis w Paryżu (plan) | Chór kościoła w Saint Denis w Paryżu
25%
12W Carcassonne (Francja) Zamek w Carcassonne
25%
Nie znaleziono quizów pasujących do podanych kryteriów
Rozkład punktacji
Procent ludzi z każdym wynikiem
Percentyl według liczby udzielonych odpowiedzi
Twoja historia wyników
Nie rozwiązałeś tego quizu od ostatniego zresetowania